Представление документа в формате RUSMARC

ПолеНазваниеЗначение
  Тип записи a
  Библиографический уровень m
001 Контрольный номер 79e76c3668454cafb17b584780df2262
005 Дата корректировки 20251219142514.7
010 Индекс ISBN __
a ISBN 978-5-00161-440-1
b Уточнения в пер.
9 Тираж 3000 экз.
d Цена 635-92
100 Данные общей обработки __
a Данные общей обработки 20250321d2024 d y0rusy028902 ca
101 Язык документа 0_
a Язык текста rus
102 Страна публикации __
a Страна публикации RU
105 Кодированные данные (монография) __
a Кодированные данные (монография) a z 000ay
181 Поле кодированных данных: вид содержания _0
a Код вида содержания (ISBD) i
181 Поле кодированных данных: вид содержания _0
a Код вида содержания (ISBD) b
182 Поле кодированных данных: тип средства _0
a Код типа средства (ISBD) n
200 Заглавие и сведения об ответственности 1_
a Заглавие Дети капитана Гранта
f Первые сведения об ответственности Жюль Верн
g Последующие сведения об ответственности литературный пересказ Валентина Постникова и Марка Тарловского
g Последующие сведения об ответственности художник: Екатерина Комракова
203 Вид содержания и тип средства __
a Вид содержания Текст
a Вид содержания Изображение
c Тип средства непосредственные
210 Выходные данные 1_
a Место издания Москва
c Издательство Алтей
d Дата издания 2024
215 Физическое описание __
a Объем 96, [1] с.
d Формат 27 см
c Иллюстрации/тип воспроизводства цв. ил.
225 Серия 2_
a Серия Детская библиотека приключений
330 Аннотация __
a Аннотация Погружаясь в приключения персонажей, читатель окунется в захватывающий мир морских путешествий и тайн загадочных островов. Книга непременно порадует юных любителей ярких и увлекательных историй, помогает развивать фантазию и воображения у детей.
606 Тематические рубрики __
a Основная рубрика Художественная литература
2 Код системы nlr_sh
606 Тематические рубрики __
a Основная рубрика Литература Европы (произведения)
z Хронологическая подрубрика 19 в.
y Географическая подрубрика Франция
2 Код системы nlr_sh
610 Ключевые слова 0_
a Ключевые слова детская литература
610 Ключевые слова 0_
a Ключевые слова иностранная литература
610 Ключевые слова 0_
a Ключевые слова классическая литература
610 Ключевые слова 0_
a Ключевые слова приключенческие романы
610 Ключевые слова 0_
a Ключевые слова романы
610 Ключевые слова 0_
a Ключевые слова тема дружбы
610 Ключевые слова 0_
a Ключевые слова тема морских приключений
610 Ключевые слова 0_
a Ключевые слова тема морских путешествий
610 Ключевые слова 0_
a Ключевые слова приключения
610 Ключевые слова 0_
a Ключевые слова путешествия
610 Ключевые слова 0_
a Ключевые слова французская литература
686 Индексы других классификаций __
2 Код системы rubbks
a Классификационный индекс ст84(4Фра)-445
700 Автор _1
a Фамилия Верн
b Имя Ж.
f Даты 1828-1905
g Полное личное имя Жюль
4 Код отношения 070
702 Вторичная интеллектуальная ответственность _1
a Фамилия Постников
b Имя В. Ю.
g Полное личное имя Валентин Юрьевич
4 Код отношения 010
f Даты 1970-
702 Вторичная интеллектуальная ответственность _1
a Фамилия Тарловский
b Имя М. А.
f Даты 1902-1952
g Полное личное имя Марк Аркадьевич
4 Код отношения 010
702 Вторичная интеллектуальная ответственность _1
a Фамилия Комракова
b Имя Е. А.
g Полное личное имя Екатерина Александровна
4 Код отношения 440
f Даты 1977-
801 Источник записи _0
a Страна RU
b Организация Муниципальное бюджетное учреждение культуры "Централизованная библиотечная система" г. Сургут (Центральная городская библиотека им. А. С. Пушкина)
c Дата составления 20250321
g Правила каталогизации PSBO
801 Источник записи _1
a Страна RU
b Организация Муниципальное бюджетное учреждение культуры "Централизованная библиотечная система" г. Сургут (Центральная городская библиотека им. А. С. Пушкина)
c Дата составления 20250321
g Правила каталогизации PSBO
852 Данные о местонахождении __
j Шифр хранения ст84(4Фра)-445
i Авторский знак В 35
900 Макрообъекты __
a Макрообъекты Дети капитана Гранта. Верн, Ж., 2024
901 Тип документа __
t Тип документа m
a Ответственный ООФиК/Волкова
903 Характеристики (МАРС) __
a Дата передачи 20250321
c Наименование библиотеки (МАРС) Муниципальное бюджетное учреждение культуры "Централизованная библиотечная система" г. Сургут (Центральная городская библиотека им. А. С. Пушкина)
969 Тип издания __
a Тип издания издание для детей
990 Данные о заказе (DOS) __
j Количество экземпляров (DOS) 5
t N записи в КСУ для И/У (DOS) 202503